[Event "Unna Open 2023"]
[Site "Unna"]
[Date "2023.12.28"]
[Round "4.43"]
[White "Van Gaalen, Jakob"]
[Black "Mallek, Peter"]
[Result "1-0"]
[WhiteElo "1451"]
[BlackElo "1190"]
[PlyCount "67"]
[EventDate "2023.12.??"]
[EventType "swiss"]
[EventRounds "7"]
[EventCountry "GER"]
[Tiebreak "Progressive score"]
[SourceVersionDate "2023.12.27"]

1. e4 e5 2. Nf3 Nc6 3. d4 exd4 4. Nxd4 d6 5. Nc3 Nf6 6. Bf4 Bd7 7. Qd2 Be7 8.
O-O-O Nxd4 9. Qxd4 O-O 10. Bc4 c5 11. Qd2 Bc6 12. f3 a6 13. Bxd6 Bxd6 14. Qxd6
Qxd6 15. Rxd6 Rad8 16. Rhd1 Rxd6 17. Rxd6 Nd7 18. Bxa6 Nb8 19. Bb5 Rc8 20. Bxc6
Nxc6 21. Na4 g6 22. Nb6 Rd8 23. Rxd8+ Nxd8 24. c3 Ne6 25. b4 cxb4 26. cxb4 Kf8
27. a4 Ke7 28. Nd5+ Kd6 29. Kd2 Nc7 30. Nxc7 Kxc7 31. Ke3 Kd6 32. g4 f5 33.
gxf5 gxf5 34. Kf4 1-0

[Event "Unna Open 2023"]
[Site "Unna"]
[Date "2023.12.28"]
[Round "4.44"]
[White "Deysenroth, Gerald"]
[Black "Schulz, Robin"]
[Result "0-1"]
[WhiteElo "1236"]
[BlackElo "1451"]
[PlyCount "62"]
[EventDate "2023.12.??"]
[EventType "swiss"]
[EventRounds "7"]
[EventCountry "GER"]
[Tiebreak "Progressive score"]
[SourceVersionDate "2023.12.27"]

1. c4 e5 2. g3 c6 3. Bg2 d5 4. cxd5 cxd5 5. e3 Nf6 6. Ne2 Nc6 7. a3 e4 8. b4
Ne5 9. O-O Bd6 10. f4 Nd3 11. h3 Bd7 12. Nbc3 h5 13. Qb3 Qc8 14. Nxd5 h4 15.
Nxf6+ gxf6 16. g4 Bxg4 17. hxg4 Qxg4 18. Qd5 O-O-O 19. Qxe4 Rdg8 20. Qxb7+ Kd8
21. Nd4 Bc7 22. Qd5+ Ke8 23. Nb5 Bb8 24. Qc6+ Kf8 25. Qf3 h3 26. Qxg4 Rxg4 27.
Rf2 Nxf2 28. Kxf2 Rxg2+ 29. Kf3 Rg1 30. Bb2 Rxa1 31. Bxa1 h2 0-1

[Event "Unna Open 2023"]
[Site "Unna"]
[Date "2023.12.28"]
[Round "4.48"]
[White "Schweda, Sven"]
[Black "Greiving, Leonard Simon"]
[Result "0-1"]
[WhiteElo "1377"]
[BlackElo "1535"]
[Annotator "Medger,Gernot"]
[PlyCount "104"]
[EventDate "2023.12.??"]
[EventType "swiss"]
[EventRounds "7"]
[EventCountry "GER"]
[Tiebreak "Progressive score"]
[SourceVersionDate "2023.12.27"]

1. e4 c6 2. Nc3 d5 3. exd5 cxd5 4. d4 Nc6 5. Nf3 Bg4 6. Be3 e6 7. Bb5 Nf6 8. h3
Bh5 9. O-O Bd6 10. Be2 O-O 11. a3 a6 12. Qd2 Na5 13. b3 Rc8 14. Rfc1 Qc7 15.
Na4 Ne4 16. Qe1 Bg6 17. Bd3 Nc6 18. Nb2 Qd7 19. c4 dxc4 20. bxc4 Rfd8 21. c5
Be7 22. Nc4 Qc7 23. Rd1 Nf6 24. Bxg6 hxg6 25. g3 Nd5 26. Rab1 Rd7 27. Bd2 $11
Rb8 28. Nfe5 Rdd8 29. Nxc6 Qxc6 30. Ba5 Rdc8 31. Nb6 Nxb6 32. Bxb6 Bf6 33. Rd3
Re8 34. Rbd1 Re7 35. f3 Rd7 36. Qe4 Rd5 37. f4 Re8 38. g4 g5 39. fxg5 Bxg5 40.
Ba5 Re7 41. Bd2 Bf6 42. Be1 Red7 43. h4 Qa4 44. Bf2 Rxc5 45. dxc5 Qxe4 46. Rxd7
Qxg4+ 47. Kf1 Bxh4 48. Bxh4 Qxh4 49. Rd8+ Kh7 50. R1d7 Kg6 51. Rf8 e5 52. Rfxf7
Qc4+ 0-1

[Event "Unna Open 2023"]
[Site "Unna"]
[Date "2023.12.28"]
[Round "4.49"]
[White "Siebert, Michael"]
[Black "Demirörs, Emre"]
[Result "1-0"]
[WhiteElo "1473"]
[BlackElo "1162"]
[PlyCount "52"]
[EventDate "2023.12.??"]
[EventType "swiss"]
[EventRounds "7"]
[EventCountry "GER"]
[Tiebreak "Progressive score"]
[SourceVersionDate "2023.12.27"]

1. c4 c5 2. g3 Nc6 3. Bg2 Nf6 4. Nc3 e6 5. d3 Be7 6. Nf3 O-O 7. O-O d6 8. a3 a6
9. Bg5 Bd7 10. Nd2 Rb8 11. b3 b5 12. Nce4 d5 13. Nxf6+ Bxf6 14. Bxf6 Qxf6 15.
cxd5 exd5 16. Bxd5 Ne7 17. Bg2 Be6 18. b4 c4 19. dxc4 bxc4 20. Qc2 Rfc8 21.
Rac1 g6 22. Ne4 Qg7 23. Nc5 Bf5 24. e4 Be6 25. Nxe6 fxe6 26. Rfd1 Rc7 1-0

[Event "Unna Open 2023"]
[Site "Unna"]
[Date "2023.12.28"]
[Round "4.50"]
[White "Arnoldi, Ekkehard"]
[Black "Ilic, Mihajlo"]
[Result "0-1"]
[WhiteElo "1435"]
[BlackElo "1010"]
[PlyCount "106"]
[EventDate "2023.12.??"]
[EventType "swiss"]
[EventRounds "7"]
[EventCountry "GER"]
[Tiebreak "Progressive score"]
[SourceVersionDate "2023.12.27"]

1. d4 d5 2. Bf4 Nf6 3. h3 e6 4. e3 Bd6 5. Be5 O-O 6. f4 Bxe5 7. fxe5 Ne4 8. Nd2
Qh4+ 9. Ke2 Ng3+ 10. Kd3 Nxh1 11. Kc3 f6 12. Ngf3 Qh6 13. Qe2 Ng3 14. Qf2 Ne4+
15. Nxe4 dxe4 16. Nd2 fxe5 17. Qg3 exd4+ 18. exd4 Qf4 19. Qe1 Qf2 20. Qxe4 Rf4
21. Qd3 c5 22. dxc5 Qxc5+ 23. Nc4 b5 24. Qd8+ Rf8 25. Qd6 Qxd6 26. Nxd6 Bd7 27.
Nxb5 Bxb5 28. Bxb5 a6 29. Be2 Nc6 30. Bf3 Rac8 31. Kd2 Ne5 32. Bb7 Rb8 33. Bxa6
Rxb2 34. Re1 Rd8+ 35. Kc3 Rb6 36. Rxe5 Rxa6 37. Kb2 Rd5 38. Re3 Rb5+ 39. Ka1
Rd6 40. Re1 Rd2 41. c4 Rb8 42. a4 Ra8 43. Rxe6 Rxa4+ 44. Kb1 Raa2 45. Re8+ Kf7
46. Rb8 Rxg2 47. c5 Raf2 48. Rb7+ Kg6 49. Rb6+ Rf6 50. Rxf6+ Kxf6 51. c6 Ke7
52. c7 Kd7 53. c8=Q+ Kxc8 0-1

[Event "Unna Open 2023"]
[Site "Unna"]
[Date "2023.12.28"]
[Round "4.52"]
[White "Leufert, Nils Florian"]
[Black "Demirörs, Emre"]
[Result "0-1"]
[WhiteElo "981"]
[BlackElo "1162"]
[Annotator "Medger,Gernot"]
[PlyCount "104"]
[EventDate "2023.12.??"]
[EventType "swiss"]
[EventRounds "7"]
[EventCountry "GER"]
[Tiebreak "Progressive score"]
[SourceVersionDate "2023.12.27"]

1. e4 c5 2. Nc3 Nc6 3. Nf3 d6 4. Bb5 Bd7 5. O-O g6 6. d3 Bg7 7. Bd2 Nf6 8. h3
O-O 9. a3 a6 10. Bxc6 Bxc6 11. Rb1 Qc7 12. Qe2 b5 13. b4 $11 cxb4 14. axb4 Rfc8
15. Rfe1 Nd7 16. Rbc1 $11 Bb7 17. Nd5 Bxd5 18. exd5 Ne5 19. Bf4 Nxf3+ 20. Qxf3
Bc3 21. Re4 f5 22. Re2 Bxb4 23. Qe3 Re8 24. Qe6+ Kg7 25. Qe3 Qc5 26. Bh6+ Kh8
27. Qe6 Qd4 28. Qf7 Qf6 29. Qe6 $11 Qxe6 30. Rxe6 a5 31. Bg5 Ra7 32. Bf6+ Kg8
33. c3 Bc5 34. Rce1 Kf7 35. d4 Ba3 36. R1e3 Bc1 37. Re1 Bd2 38. R1e2 Bxc3 39.
Bg5 Bxd4 40. Rd2 Bc5 41. Rb2 b4 42. Be3 Bxe3 43. fxe3 Rc8 44. Kh2 Rc5 45. Rd2
Rxd5 46. Rxe7+ Kxe7 47. Rxd5 a4 48. Rd4 a3 49. Rxb4 a2 50. Rh4 h5 51. e4 a1=Q
52. exf5 Qe5+ 0-1

[Event "Unna Open 2023"]
[Site "Unna"]
[Date "2023.12.28"]
[Round "4.53"]
[White "Schulze-Ardey, Dario"]
[Black "Mazaheri, Amirmahyar"]
[Result "1-0"]
[WhiteElo "1119"]
[BlackElo "919"]
[PlyCount "127"]
[EventDate "2023.12.??"]
[EventType "swiss"]
[EventRounds "7"]
[EventCountry "GER"]
[Tiebreak "Progressive score"]
[SourceVersionDate "2023.12.27"]

1. e4 e5 2. Nf3 Nc6 3. Bc4 Bc5 4. c3 d6 5. d3 Be6 6. Bb3 d5 7. Nbd2 Nf6 8. c4
d4 9. Ng5 Qd7 10. Ndf3 O-O-O 11. Nxe6 fxe6 12. O-O Ng4 13. h3 Nh6 14. Bg5 Be7
15. c5 Bxg5 16. Nxg5 Rde8 17. Rc1 Nb4 18. a3 Qe7 19. Nxe6 Na6 20. c6 Qd6 21.
cxb7+ Kxb7 22. Nxg7 Ref8 23. Bd5+ Kc8 24. Ne6 Re8 25. Ng5 Nc5 26. b4 Nb7 27.
Qh5 Qa6 28. Bxb7+ Kxb7 29. Rfd1 Qxa3 30. Qxh6 Reg8 31. Nf7 Re8 32. Nxh8 Rxh8
33. Qc6+ Kb8 34. Qxc7+ Ka8 35. Qd7 Qxb4 36. Rc8+ Rxc8 37. Qxc8+ Qb8 38. Qxb8+
Kxb8 39. Rc1 Kb7 40. Rc5 Kb6 41. Rxe5 a5 42. Rd5 a4 43. Rxd4 Kb5 44. Rxa4 Kxa4
45. e5 Kb5 46. d4 Kc6 47. e6 Kd6 48. d5 Ke7 49. f4 Kd6 50. f5 Ke7 51. g4 h6 52.
h4 Kf6 53. d6 Ke5 54. d7 Kf4 55. d8=Q Kxg4 56. e7 Kxh4 57. e8=R+ Kg4 58. Qd2 h5
59. Qe3 h4 60. Rg8+ Kxf5 61. Rf8+ Kg4 62. Qf4+ Kh5 63. Rg8 h3 64. Qg5# 1-0

[Event "Unna Open 2023"]
[Site "Unna"]
[Date "2023.12.28"]
[Round "4.54"]
[White "Leufert, Jan-Frederik"]
[Black "Otuk, Yusuf Miralay"]
[Result "0-1"]
[WhiteElo "930"]
[BlackElo "1113"]
[PlyCount "136"]
[EventDate "2023.12.??"]
[EventType "swiss"]
[EventRounds "7"]
[EventCountry "GER"]
[Tiebreak "Progressive score"]
[SourceVersionDate "2023.12.27"]

1. d4 Nf6 2. Nf3 d5 3. Bf4 Bf5 4. e3 e6 5. Bd3 Ne4 6. Nbd2 c5 7. Bxe4 dxe4 8.
Ng5 Nc6 9. dxc5 e5 10. Ngxe4 exf4 11. exf4 Qa5 12. c3 Rd8 13. b4 Qc7 14. Qf3
Be7 15. O-O O-O 16. Rfd1 Qc8 17. Qe3 Rfe8 18. Nc4 Rxd1+ 19. Rxd1 Bxc5 20. Qxc5
Bxe4 21. h3 Rd8 22. Re1 Qf5 23. Qe3 Nxb4 24. Na3 Nd5 25. Qd2 Re8 26. f3 Nxf4
27. fxe4 Qc5+ 28. Qf2 Qxf2+ 29. Kxf2 Nd3+ 30. Ke2 Rxe4+ 31. Kxd3 Rxe1 32. Nc2
Re7 33. Nb4 Re1 34. Nc2 Rg1 35. Ne3 Ra1 36. Nc4 Rxa2 37. Nd6 Rxg2 38. Nxb7 Rg3+
39. Kd4 Rxh3 40. c4 Rb3 41. Na5 Rb1 42. c5 Rd1+ 43. Kc4 h5 44. c6 Rc1+ 45. Kd5
Rxc6 46. Nxc6 h4 47. Ke4 a6 48. Kf4 f6 49. Kg4 g5 50. Kh3 Kg7 51. Nd4 a5 52.
Ne6+ Kg6 53. Nc5 Kh5 54. Ne4 g4+ 55. Kg2 f5 56. Nf6+ Kg5 57. Nh7+ Kh6 58. Nf8
a4 59. Ne6 a3 60. Nd4 Kg5 61. Nc2 a2 62. Kh2 Kf4 63. Kg2 h3+ 64. Kh2 g3+ 65.
Kxh3 Kf3 66. Nd4+ Kf2 67. Nxf5 a1=Q 68. Nxg3 Qc3 0-1

[Event "Unna Open 2023"]
[Site "Unna"]
[Date "2023.12.29"]
[Round "5.1"]
[White "Tkachuk, Konstantin"]
[Black "Korten, Lando"]
[Result "1/2-1/2"]
[WhiteElo "2241"]
[BlackElo "2173"]
[Annotator "Medger,Gernot"]
[PlyCount "24"]
[EventDate "2023.12.??"]
[EventType "swiss"]
[EventRounds "7"]
[EventCountry "GER"]
[Tiebreak "Progressive score"]
[SourceVersionDate "2023.12.27"]

1. e4 c5 2. c4 Nc6 3. Nc3 g6 4. g3 Bg7 5. Bg2 e6 6. d3 Nge7 7. Nge2 d6 8. O-O
O-O 9. Rb1 b6 10. a3 Bb7 11. b4 Qd7 12. f4 Nd4 $11 1/2-1/2

[Event "Unna Open 2023"]
[Site "Unna"]
[Date "2023.12.29"]
[Round "5.2"]
[White "Cofmann, Veaceslav"]
[Black "Ciornei, Dragos"]
[Result "1-0"]
[WhiteElo "2210"]
[BlackElo "2064"]
[PlyCount "85"]
[EventDate "2023.12.??"]
[EventType "swiss"]
[EventRounds "7"]
[EventCountry "GER"]
[Tiebreak "Progressive score"]
[SourceVersionDate "2023.12.27"]

1. d4 Nf6 2. c4 g6 3. Bg5 Ne4 4. Bf4 c5 5. Qc2 Qa5+ 6. Nd2 Nxd2 7. Bxd2 Qb6 8.
d5 Bg7 9. Bc3 O-O 10. Nf3 d6 11. Bxg7 Kxg7 12. Qc3+ f6 13. a3 a5 14. e4 a4 15.
Nd2 Bd7 16. f4 Qa5 17. Qd3 Na6 18. Be2 Rab8 19. O-O b5 20. e5 Qc7 21. Qe3 dxe5
22. cxb5 Bxb5 23. Bxb5 Rxb5 24. Nc4 Rb3 25. Qe2 exf4 26. Rae1 Rf7 27. Qe6 Nb8
28. d6 exd6 29. Nxd6 Qd7 30. Qxf7+ Qxf7 31. Nxf7 Kxf7 32. Rxf4 Rxb2 33. Rxa4
Rb7 34. Ra8 Nd7 35. a4 Ne5 36. a5 Rb2 37. Ra1 c4 38. Rc8 Rb7 39. a6 Ra7 40. Rb8
Ke6 41. Rb7 Ra8 42. a7 Nc6 43. Ra6 1-0

[Event "Unna Open 2023"]
[Site "Unna"]
[Date "2023.12.29"]
[Round "5.3"]
[White "Winterberg, Andreas"]
[Black "Torres-Kuckel, Rafael"]
[Result "1/2-1/2"]
[WhiteElo "1973"]
[BlackElo "2128"]
[Annotator "Medger,Gernot"]
[PlyCount "34"]
[EventDate "2023.12.??"]
[EventType "swiss"]
[EventRounds "7"]
[EventCountry "GER"]
[Tiebreak "Progressive score"]
[SourceVersionDate "2023.12.27"]

1. e4 c5 2. Nf3 e6 3. g3 a6 4. Bg2 d6 5. O-O Nf6 6. Qe2 g6 7. c3 Bg7 8. d4 cxd4
9. cxd4 O-O 10. Nc3 Nc6 11. Rd1 Bd7 12. e5 Nd5 13. exd6 Bc8 14. Ne4 f5 15. Nc3
Qxd6 16. Nxd5 exd5 17. Bf4 Qd8 $11 1/2-1/2

[Event "Unna Open 2023"]
[Site "Unna"]
[Date "2023.12.29"]
[Round "5.4"]
[White "Luft, Dennis"]
[Black "Höllmann, Ludger"]
[Result "0-1"]
[WhiteElo "2310"]
[BlackElo "2015"]
[PlyCount "86"]
[EventDate "2023.12.??"]
[EventType "swiss"]
[EventRounds "7"]
[EventCountry "GER"]
[Tiebreak "Progressive score"]
[SourceVersionDate "2023.12.27"]

1. d4 d5 2. c4 e6 3. Nf3 Nf6 4. g3 dxc4 5. Bg2 c5 6. O-O Nc6 7. Qa4 Bd7 8. Qxc4
b5 9. Qd3 c4 10. Qc2 Rc8 11. Nc3 Qb6 12. Rd1 Be7 13. Be3 Nb4 14. Qd2 Nbd5 15.
Ne5 Nxe3 16. Qxe3 O-O 17. Qg5 Be8 18. e4 b4 19. Ne2 Ba4 20. Rdc1 Bb5 21. Qe3
Rfd8 22. Rab1 Qa6 23. Bf1 Qb7 24. Bg2 Qa6 25. Bf1 Qb7 26. Bg2 a5 27. Rc2 Nd7
28. Nf3 Nb6 29. Rbc1 Ba4 30. b3 Bb5 31. Ne5 c3 32. Nf4 Nd7 33. Nxf7 Kxf7 34.
Nxe6 Kxe6 35. e5 Bc6 36. Bh3+ Kf7 37. e6+ Kf8 38. d5 Nf6 39. dxc6 Qxc6 40. Re1
Qc5 41. Qf4 Rd4 42. Qf3 Rcd8 43. Bf5 Qd5 0-1

[Event "Unna Open 2023"]
[Site "Unna"]
[Date "2023.12.29"]
[Round "5.5"]
[White "Tkachuk, Sergiy"]
[Black "Ringwelski, Marius"]
[Result "1-0"]
[WhiteElo "2236"]
[BlackElo "1986"]
[Annotator "Medger,Gernot"]
[PlyCount "78"]
[EventDate "2023.12.??"]
[EventType "swiss"]
[EventRounds "7"]
[EventCountry "GER"]
[Tiebreak "Progressive score"]
[SourceVersionDate "2023.12.27"]

1. e4 e5 2. Nf3 Nc6 3. Bc4 Nf6 4. d4 exd4 5. e5 d5 6. Bb5 Nd7 7. O-O Be7 8. Re1
O-O 9. Nbd2 Re8 10. Bxc6 bxc6 11. Nxd4 Nb8 12. f4 c5 13. N4f3 Nc6 14. c3 d4 15.
Nb3 d3 16. Be3 c4 17. Nbd2 Qd5 18. Qa4 Be6 19. b3 cxb3 20. axb3 f6 21. Nd4 Nxd4
22. Bxd4 c5 23. Bf2 a5 24. c4 Qb7 25. Re3 Bd7 26. Qa2 fxe5 27. fxe5 Bf5 28. h4
Red8 29. Rf1 Ra6 30. Bg3 Bg6 31. Qb1 Qb4 32. Qd1 a4 $11 33. bxa4 Rxa4 34. h5
Be8 35. Qg4 Bd7 36. Qe4 Qxd2 37. Qd5+ Be6 38. Qxe6+ Kh8 39. Ref3 Qg5 1-0

[Event "Unna Open 2023"]
[Site "Unna"]
[Date "2023.12.29"]
[Round "5.6"]
[White "Dahlbeck, Mirko"]
[Black "Stricker, Florian"]
[Result "0-1"]
[WhiteElo "2013"]
[BlackElo "2229"]
[PlyCount "94"]
[EventDate "2023.12.??"]
[EventType "swiss"]
[EventRounds "7"]
[EventCountry "GER"]
[Tiebreak "Progressive score"]
[SourceVersionDate "2023.12.27"]

1. e4 d6 2. d4 Nf6 3. Nc3 g6 4. Be3 c6 5. h3 Nbd7 6. f4 b5 7. a3 Nb6 8. Bd3 Nc4
9. Bc1 Bg7 10. a4 b4 11. Bxc4 bxc3 12. e5 Ne4 13. bxc3 Nxc3 14. Qf3 Nd5 15. Ne2
Ba6 16. Bxa6 Qa5+ 17. Nc3 Qxa6 18. Nxd5 cxd5 19. Qxd5 O-O 20. Qb5 Qc8 21. Qd3
Rd8 22. O-O dxe5 23. fxe5 Bxe5 24. Be3 Bg7 25. Rad1 Qd7 26. Qb3 e6 27. c3 Rab8
28. Qa3 Rb7 29. Rb1 Rxb1 30. Rxb1 e5 31. Rd1 exd4 32. Bxd4 Qe6 33. Qc5 Qe2 34.
Rf1 Bxd4+ 35. cxd4 Qe3+ 36. Kh1 Qxd4 37. Qe7 Rd7 38. Qe8+ Kg7 39. a5 h5 40. Rb1
Rc7 41. Rf1 Qd5 42. a6 Rc2 43. Rg1 Rc3 44. Rf1 Rxh3+ 45. Kg1 Qd4+ 46. Rf2 Qd1+
47. Rf1 Rh1+ 0-1

[Event "Unna Open 2023"]
[Site "Unna"]
[Date "2023.12.29"]
[Round "5.7"]
[White "Gieseler, Felix"]
[Black "Köhler, Christian Friedrich"]
[Result "0-1"]
[WhiteElo "1948"]
[BlackElo "2210"]
[PlyCount "32"]
[EventDate "2023.12.??"]
[EventType "swiss"]
[EventRounds "7"]
[EventCountry "GER"]
[Tiebreak "Progressive score"]
[SourceVersionDate "2023.12.27"]

1. e4 e5 2. Nf3 Nc6 3. Bc4 Nf6 4. d3 Be7 5. O-O d6 6. h3 O-O 7. Nc3 Na5 8. Nd5
Nxe4 9. Nxe7+ Qxe7 10. Bxf7+ Qxf7 11. dxe4 h6 12. b3 Nc6 13. Be3 Qg6 14. Re1
Bxh3 15. Nh4 Qxe4 16. Qh5 Bg4 0-1

[Event "Unna Open 2023"]
[Site "Unna"]
[Date "2023.12.29"]
[Round "5.8"]
[White "Junk, Phillip"]
[Black "Stöckmann, Helmut"]
[Result "1/2-1/2"]
[WhiteElo "2123"]
[BlackElo "1967"]
[Annotator "Medger,Gernot"]
[PlyCount "57"]
[EventDate "2023.12.??"]
[EventType "swiss"]
[EventRounds "7"]
[EventCountry "GER"]
[Tiebreak "Progressive score"]
[SourceVersionDate "2023.12.27"]

1. e4 c6 2. Nf3 d5 3. Nc3 Bg4 4. h3 Bxf3 5. Qxf3 dxe4 6. Nxe4 e6 7. c3 Nd7 8.
d4 Ngf6 9. Bd3 Nxe4 $11 10. Bxe4 Nf6 11. Bc2 Be7 12. O-O O-O 13. Re1 Qb6 14.
Qe2 Rad8 15. Bf4 c5 16. dxc5 Bxc5 17. Rad1 Rxd1 18. Rxd1 Rd8 19. Rxd8+ Qxd8 $11
20. b4 Be7 21. Qd3 Qc8 22. a3 g6 23. c4 b6 24. Ba4 Kg7 25. Be5 Kg8 26. Qd4 Ne8
27. Qd7 Qxd7 28. Bxd7 Kf8 29. Kf1 $11 1/2-1/2

[Event "Unna Open 2023"]
[Site "Unna"]
[Date "2023.12.29"]
[Round "5.9"]
[White "Hart, Klaus"]
[Black "Wichtrup, Jan-Louis"]
[Result "0-1"]
[WhiteElo "1873"]
[BlackElo "2105"]
[PlyCount "76"]
[EventDate "2023.12.??"]
[EventType "swiss"]
[EventRounds "7"]
[EventCountry "GER"]
[Tiebreak "Progressive score"]
[SourceVersionDate "2023.12.27"]

1. Nf3 Nf6 2. c4 e6 3. b3 d5 4. e3 Be7 5. Bb2 O-O 6. d4 b6 7. Nbd2 Bb7 8. Bd3
Nbd7 9. O-O c5 10. Rc1 Rc8 11. Re1 Ne4 12. cxd5 exd5 13. Bb1 Ndf6 14. Qe2 Bd6
15. Red1 Re8 16. Qd3 Ng4 17. Rf1 Qe7 18. Ne5 Nxe5 19. dxe5 Bxe5 20. Bxe5 Qxe5
21. Rfd1 Nf6 22. Nf1 g6 23. Qb5 Kg7 24. Qa4 a5 25. Qh4 Ne4 26. Bxe4 Qxe4 27.
Qxe4 Rxe4 28. Rd2 Ra8 29. Ng3 Rb4 30. Ne2 a4 31. bxa4 Raxa4 32. f3 Ra3 33. Kf2
Ba6 34. Nf4 Bc4 35. Rcc2 Rba4 36. Nxd5 Bxd5 37. Rxd5 Rxa2 38. Re2 Rxe2+ 0-1

[Event "Unna Open 2023"]
[Site "Unna"]
[Date "2023.12.29"]
[Round "5.11"]
[White "Baumann, Stephan"]
[Black "Krüger, André"]
[Result "0-1"]
[WhiteElo "2062"]
[BlackElo "1907"]
[PlyCount "142"]
[EventDate "2023.12.??"]
[EventType "swiss"]
[EventRounds "7"]
[EventCountry "GER"]
[Tiebreak "Progressive score"]
[SourceVersionDate "2023.12.27"]

1. e4 e6 2. b3 d5 3. Bb2 dxe4 4. Nc3 Nf6 5. Qe2 Be7 6. O-O-O O-O 7. g4 b6 8.
Nxe4 Nxe4 9. Qxe4 Qd5 10. Bd3 Qxe4 11. Bxe4 c6 12. Ne2 Bb7 13. h4 Nd7 14. g5
Rab8 15. Nd4 Rfc8 16. g6 hxg6 17. Rdg1 c5 18. Bxb7 Rxb7 19. Ne2 Bf6 20. h5 gxh5
21. Rxh5 Rbb8 22. Nf4 Bxb2+ 23. Kxb2 g6 24. Rhg5 Kf8 25. Re1 Ke7 26. Nd5+ Kd6
27. Nc3 a6 28. Rg3 Rh8 29. Rd3+ Kc7 30. Rf3 Rbf8 31. Ne4 Rh5 32. Rg1 Rf5 33.
Rxf5 gxf5 34. Ng5 Nf6 35. Re1 Kd6 36. c3 Ke7 37. d4 cxd4 38. cxd4 Rg8 39. Nh3
Rg2 40. Re2 Ne4 41. Kc2 Rh2 42. Nf4 Rxf2 43. Rxf2 Nxf2 44. Kc3 Kd6 45. Ng2 Ne4+
46. Kd3 Nf6 47. Ne3 b5 48. a4 Nd5 49. Ng2 bxa4 50. bxa4 Kc6 51. Ne1 f6 52. Nc2
a5 53. Na1 e5 54. Nb3 e4+ 55. Kd2 Kb6 56. Nc5 e3+ 57. Ke2 f4 58. Kf3 f5 59.
Nd7+ Kc6 60. Nc5 Kb6 61. Nd7+ Kb7 62. Nc5+ Kc6 63. Nd3 Kb6 64. Nc5 Kc6 65. Nd3
Kd6 66. Nc5 Ke7 67. Nb3 Nc3 68. Nxa5 Nxa4 69. Nc6+ Kd6 70. Nb4 Nc3 71. Kxf4
Nd5+ 0-1

[Event "Unna Open 2023"]
[Site "Unna"]
[Date "2023.12.29"]
[Round "5.12"]
[White "Georg, Felix"]
[Black "Meier, Jan"]
[Result "1-0"]
[WhiteElo "2051"]
[BlackElo "1856"]
[PlyCount "36"]
[EventDate "2023.12.??"]
[EventType "swiss"]
[EventRounds "7"]
[EventCountry "GER"]
[Tiebreak "Progressive score"]
[SourceVersionDate "2023.12.27"]

1. c4 c5 2. Nf3 Nc6 3. e3 g6 4. d4 cxd4 5. exd4 d5 6. cxd5 Qxd5 7. Nc3 Qd6 8.
Nb5 Qb8 9. d5 Ne5 10. Bf4 Bg7 11. Rc1 Nd3+ 12. Bxd3 Qxf4 13. Nc7+ Kd8 14. Nxa8
Nf6 15. Nc7 Bg4 16. Rc4 Qd6 17. Nb5 Qb6 18. Qc2 Nxd5 1-0

[Event "Unna Open 2023"]
[Site "Unna"]
[Date "2023.12.29"]
[Round "5.13"]
[White "Barskij, Aleksandr"]
[Black "Mann, Gergely"]
[Result "0-1"]
[WhiteElo "1805"]
[BlackElo "2051"]
[PlyCount "40"]
[EventDate "2023.12.??"]
[EventType "swiss"]
[EventRounds "7"]
[EventCountry "GER"]
[Tiebreak "Progressive score"]
[SourceVersionDate "2023.12.27"]

1. e4 c6 2. d4 d5 3. e5 c5 4. dxc5 e6 5. a3 Bxc5 6. b4 Be7 7. Nf3 f6 8. Bb2 a5
9. b5 Nd7 10. Bd3 Nh6 11. O-O Nf7 12. Qe2 fxe5 13. Nxe5 Ndxe5 14. Bxe5 Nxe5 15.
Qxe5 Bf6 16. Qh5+ g6 17. Bxg6+ hxg6 18. Qxg6+ Ke7 19. Ra2 Qc7 20. h3 Qc4 0-1

[Event "Unna Open 2023"]
[Site "Unna"]
[Date "2023.12.29"]
[Round "5.14"]
[White "Gasper, Jörn"]
[Black "Richter, Marc"]
[Result "1-0"]
[WhiteElo "1933"]
[BlackElo "1651"]
[PlyCount "65"]
[EventDate "2023.12.??"]
[EventType "swiss"]
[EventRounds "7"]
[EventCountry "GER"]
[Tiebreak "Progressive score"]
[SourceVersionDate "2023.12.27"]

1. d4 d5 2. Nf3 Nf6 3. c4 c6 4. Nc3 e6 5. Bg5 Be7 6. e3 h6 7. Bh4 Nbd7 8. Rc1
Qa5 9. cxd5 exd5 10. Bd3 O-O 11. O-O Re8 12. Qc2 Qd8 13. Bg3 Nh5 14. Nxd5 Nxg3
15. Nxe7+ Qxe7 16. hxg3 Nf6 17. Qc5 Qe6 18. Bc4 Qe4 19. Ne5 Be6 20. Bd3 Qd5 21.
Qxd5 Nxd5 22. a3 Nf6 23. Bc4 Bxc4 24. Nxc4 Rad8 25. Na5 Rd7 26. Rc4 Ne4 27. Rb4
Ree7 28. Rc1 c5 29. dxc5 Nxc5 30. Rxc5 Rd1+ 31. Kh2 b6 32. Rc8+ Kh7 33. Nc6 1-0

[Event "Unna Open 2023"]
[Site "Unna"]
[Date "2023.12.29"]
[Round "5.15"]
[White "Bauch, Olaf"]
[Black "Kappelhoff, Pius"]
[Result "1/2-1/2"]
[WhiteElo "1923"]
[BlackElo "1671"]
[PlyCount "59"]
[EventDate "2023.12.??"]
[EventType "swiss"]
[EventRounds "7"]
[EventCountry "GER"]
[Tiebreak "Progressive score"]
[SourceVersionDate "2023.12.27"]

1. e4 c5 2. Nf3 d6 3. c3 Nf6 4. Be2 Nc6 5. d3 g6 6. O-O Bg7 7. h3 O-O 8. Be3 h6
9. a4 Bd7 10. Nbd2 e6 11. e5 dxe5 12. Bxc5 Re8 13. Nc4 e4 14. Nfe5 Nxe5 15.
Nxe5 exd3 16. Bxd3 Qc7 17. Nxd7 Nxd7 18. Be3 Red8 19. Be2 Nc5 20. Qc2 Qe5 21.
Bf3 Rab8 22. Rfd1 b6 23. a5 Qc7 24. axb6 axb6 25. c4 Nd7 26. Rac1 Rdc8 27. Be2
Kh7 28. b4 Bf8 29. Qa4 Rb7 30. f4 1/2-1/2

[Event "Unna Open 2023"]
[Site "Unna"]
[Date "2023.12.29"]
[Round "5.16"]
[White "Brieger, Sebastian"]
[Black "Bilau, Max"]
[Result "1-0"]
[WhiteElo "1891"]
[BlackElo "1553"]
[PlyCount "91"]
[EventDate "2023.12.??"]
[EventType "swiss"]
[EventRounds "7"]
[EventCountry "GER"]
[Tiebreak "Progressive score"]
[SourceVersionDate "2023.12.27"]

1. e4 c5 2. c3 Nf6 3. e5 Nd5 4. Nf3 Nc6 5. Bc4 Nb6 6. Bb3 d5 7. exd6 c4 8. Bc2
Qxd6 9. O-O g6 10. Re1 Bg7 11. Na3 O-O 12. Qe2 Qe6 13. Qf1 Qd5 14. Be4 Qc5 15.
b4 cxb3 16. axb3 Be6 17. b4 Qd6 18. d4 Bd5 19. Nb5 Qd8 20. Bxd5 Nxd5 21. Bd2 a6
22. Na3 Re8 23. b5 Nb8 24. Qd3 f5 25. Ne5 Nd7 26. Nac4 N7f6 27. bxa6 bxa6 28.
Nc6 Qc7 29. N4e5 Ne4 30. c4 Nxd2 31. Qxd2 Bxe5 32. Nxe5 Nf6 33. c5 e6 34. Qa5
Qc8 35. Nc4 Qc6 36. Nd6 Re7 37. Qa2 Nd5 38. Qa4 Qc7 39. g3 e5 40. Qc4 Qc6 41.
Rxe5 Rxe5 42. dxe5 Kh8 43. Rd1 Nb6 44. Qd4 Na4 45. e6+ Kg8 46. e7 1-0